000 00333nam a2200121Ia 4500
005 20251222144709.0
008 251222s9999||||xx |||||||||||||| ||spa||
082 _a025.1/C28/Ej.2
100 _aCórdenas Ayaipoma, Mario
245 0 _aManual de Organización de Documentos Archivísticos
264 _bFondo Pro Archivo
942 _cLIB
999 _c17739
_d17739